000 00491cam a22001577a 4500
008 180718b2004 xxu||||| |||| 00| 0 eng d
020 _a1851095527
082 _aQ31x1724 G372 (R)
100 _aGilbert, Geoffrey
245 _aWorld poverty: a reference handbook
_cby Geoffrey Gilbert
260 _aCalifornia
_bABC-CLIO
_c2004
300 _a299p.
440 _aContemporary world issues
650 _aPoverty - Developing countries - Prevention
650 _aPoverty - Developing countries
999 _c403285
_d403285